000 00887nam a2200301 a 4500
003 AR-BaBNM
005 20251128204957.0
008 082120s2002 ||||||||||||||000 | spa||
020 _a950-03-6722-4
040 _cAR-BaBNM
100 1 _aGrotta, Nydia M.
245 0 0 _aTaller de lectura y expresión
_bpara cursos superiores de la enseñanza media : de 3ro a 5to
260 _aBuenos Aires
_bLosada
_c1992
300 _a215 p.
_bil.
500 _aContiene índice de los textos seleccionados en p. 7-8
650 4 _aGENEROS LITERARIOS
650 4 _aHABITO DE LECTURA
650 4 _aCREATIVIDAD
650 4 _aANALISIS LITERARIO
650 4 _aACTIVIDADES INTEGRADAS
650 4 _aLITERATURA POPULAR
650 4 _aANTOLOGIAS
653 _aENSENANZA DE LA LENGUA
653 _aEDUCACION SECUNDARIA
700 1 _aSalles de Lobos, Marta A.
942 _cBK
998 _cLAURA
999 _c9555
_d9555